000 00410nam a2200157Ia 4500
008 210716s2003 xx 000 0 und d
020 _a8178672413
041 _aeng
082 _a005.453 MUCS
100 _aMuchnick, Steven S.
245 _aAdvanced compiler design and implementation.
250 _a1
260 _aNew Delhi
_bMorgan Kaufmann
_c2003
300 _axxix,856
650 _aCompilers(005.453)
999 _c185938
_d185938